000 00344nam a2200133Ia 4500
005 20251222143212.0
008 251222s9999||||xx |||||||||||||| ||spa||
020 _a4062048469
082 _a709.011/M98
245 0 _aGuide to the National Museum of Ethnology
250 _a1ra.ed.
264 _bThe National Museum of Ethnology
942 _cLIB
999 _c13465
_d13465